000 00382cam a22001097a 4500
008 180718b1955 xxu||||| |||| 00| 0 eng d
082 _aK2x914 P538
100 _aKroeger, Louis J.
245 _aWage and position classfication survey of the national government of the Philippines: a report
_cby Louis J. Kroeger
260 _aManila
_bNational Economic Council
_c1955
300 _a110+p.
999 _c499750
_d499750